Countries by Second Largest City - Statistics

General Stats
  • This quiz has been taken 42 times
  • The average score is 15 of 21
Answer Stats
City Country % Correct
Rio de Janeiro Brazil
100%
Montreal Canada
100%
Marseille France
100%
Hamburg Germany
100%
Delhi India
100%
Los Angeles United States
100%
Ankara Turkey
97%
Rabat Morocco
95%
Krakow Poland
95%
Astana Kazakhstan
92%
Porto Portugal
90%
Christchurch New Zealand
85%
Surabaya Indonesia
79%
Limassol Cyprus
59%
Kaohsiung Taiwan
56%
Niksic Montenegro
38%
Osh Kyrgyzstan
36%
Francistown Botswana
31%
Dire Dawa Ethiopia
26%
Zarqa Jordan
23%
Port-Gentil Gabon
15%
No matching quizzes found
Score Distribution
Percent of People with Each Score
Percentile by Number Answered
Your Score History
You have not taken this quiz